000 00625nab a2200181 4500
001 244442
003 OSt
005 20250925130418.0
007 tu
008 200917s2020|||||||
040 _aDE-2950
_cDE-2950
245 0 0 _aErste Ideen für den Geldsegen
_bFinanzen. Frankfurt hofft auf viele Millionen aus dem Sondervermögen. Der Bürgermeister und die OB-Kandidaten äußern sich zu den neuen Möglichkeiten/
_cThomas Gutke
264 _c2025
653 _aFrankfurt (Oder)
653 _aSondervermögen
773 0 _g36. Jahrgang (2025) Nr. 213 vom 12.09.2025, S. 13 mit Foto
_tMärkische Oderzeitung
942 _2z
_cA
999 _c374011
_d374011